Forecasting Financial Time Series: Gene Expression Programming GEP (Record no. 46561)

MARC details
000 -LEADER
fixed length control field 00536nam a22001817a 4500
005 - DATE AND TIME OF LATEST TRANSACTION
control field 20260513152531.0
008 - FIXED-LENGTH DATA ELEMENTS--GENERAL INFORMATION
fixed length control field 260513b |||||||| |||| 00| 0 eng d
020 ## - INTERNATIONAL STANDARD BOOK NUMBER
International Standard Book Number 9789391502584
041 ## - LANGUAGE CODE
Language code of text/sound track or separate title Eng
082 ## - DEWEY DECIMAL CLASSIFICATION NUMBER
Classification number 332 WAL
100 ## - MAIN ENTRY--PERSONAL NAME
Author Walker, Michael
245 ## - TITLE STATEMENT
Title Forecasting Financial Time Series: Gene Expression Programming GEP
260 ## - PUBLICATION, DISTRIBUTION, ETC.
Place Pune
Publisher Knowledge Bakers
Publication Year 2023
300 ## - PHYSICAL DESCRIPTION
Extent 116;. P. 23 cm
650 ## - SUBJECT ADDED ENTRY--TOPICAL TERM
Subject Time-series analysis--Mathematical models; Finance
700 ## - ADDED ENTRY--PERSONAL NAME
Co-Author White, Stella and Cook George J
942 ## - ADDED ENTRY ELEMENTS (KOHA)
Koha item type Books
Holdings
Withdrawn status Lost status Source of classification or shelving scheme Damaged status Not for loan Home library Current library Shelving location Accession Date Vendor Price Bill number Total Checkouts Full call number Barcode No Date last seen Discount Cost, replacement price Bill Date Koha item type Suggested By
    Dewey Decimal Classification     IMTN IMTN Rack 9-A 05/13/2026 Raghav Books Private Limited 1290.00 2630   332 WAL 34028 05/13/2026 30 903.00 04/30/2026 Books Recommended by Dr Veena Pailwar
Designed & Maintained by: LRC IMT Nagpur Contact: lrc@imtnag.ac.in© 2024. All Rights Reserved.